000 00540nam a22001937a 4500
003 KOHA_MİRAKIL
005 20251125121716.0
008 251125b tu ||||| |||| 00| 0 tur d
020 _a9789750745881
040 _aTR-AnABB
_btur
_cTR-AnABB
041 _atur
082 _a813.42
_bBIN 2020
100 1 _aBinyazar, Adnan,
245 1 0 _aÖlümün gölgesi yok /
_cAdnan Binyazar
260 _aİstanbul :
_bCan Sanat Yayınları,
_c2020
300 _a326 sayfa ;
_c20 cm
650 0 4 _aTürk edebiyatı, roman
942 _2ddc
_cBK
999 _c9629
_d9629
900 _bGizem YORULMAZ